Professional adjustments in nursing; (Record no. 90731)
[ view plain ]
| 000 -LEADER | |
|---|---|
| fixed length control field | 01043cam a22002531 4500 |
| 001 - CONTROL NUMBER | |
| control field | sg 46000094 |
| 003 - CONTROL NUMBER IDENTIFIER | |
| control field | DLC |
| 005 - DATE AND TIME OF LATEST TRANSACTION | |
| control field | 20260227112748.0 |
| 008 - FIXED-LENGTH DATA ELEMENTS--GENERAL INFORMATION | |
| fixed length control field | 770812s1946 xx 000 0 eng c |
| 010 ## - LIBRARY OF CONGRESS CONTROL NUMBER | |
| LC control number | sg 46000094 |
| 035 ## - SYSTEM CONTROL NUMBER | |
| System control number | (OCoLC)3184295 |
| 040 ## - CATALOGING SOURCE | |
| Original cataloging agency | U.S. Surg.-gen off. Libr. |
| Transcribing agency | OC |
| Modifying agency | OClW-H |
| -- | DLC |
| 050 00 - LIBRARY OF CONGRESS CALL NUMBER | |
| Classification number | RT71 |
| Item number | .S55 1946 |
| 082 ## - DEWEY DECIMAL CLASSIFICATION NUMBER | |
| Classification number | 610.73 |
| 100 1# - MAIN ENTRY--PERSONAL NAME | |
| Personal name | Spalding, Eugenia Kennedy, |
| Dates associated with a name | 1896-1978. |
| 245 10 - TITLE STATEMENT | |
| Title | Professional adjustments in nursing; |
| Remainder of title | for senior students and graduates, |
| Statement of responsibility, etc. | by Eugenia Kennedy Spalding. |
| 250 ## - EDITION STATEMENT | |
| Edition statement | 3d ed., rev. and reset. |
| Remainder of edition statement | 32 illustrations. |
| 260 ## - PUBLICATION, DISTRIBUTION, ETC. | |
| Place of publication, distribution, etc. | Philadelphia, [etc.] |
| Name of publisher, distributor, etc. | J.B. Lippincott company |
| Date of publication, distribution, etc. | [1946] |
| 300 ## - PHYSICAL DESCRIPTION | |
| Extent | xxix, 509 (i.e. 511) p. incl. illus., tables, double form, diagrs. |
| Other physical details | 2 pl. on 1 l. |
| Dimensions | 21 cm. |
| 500 ## - GENERAL NOTE | |
| General note | Published in 1939 under title: Professional adjustments in nursing. |
| 504 ## - BIBLIOGRAPHY, ETC. NOTE | |
| Bibliography, etc. note | "Bibliography and suggested references" at end of each chapter. |
| 650 #0 - SUBJECT ADDED ENTRY--TOPICAL TERM | |
| Topical term or geographic name entry element | Nursing. |
| 700 1# - ADDED ENTRY--PERSONAL NAME | |
| Personal name | Spalding, Eugenia Kennedy, |
| Dates associated with a name | 1896-1978. |
| Title of a work | Professional adjustments in nursing. |
No items available.